Edicto del señor vicario general del arzobispado de Santiago de Chile y carta encíclica de nuestro santísimopPadre León XIII sobre el patrocinio de San José

Saved in:
Bibliographic Details
Main Author: Casanova, Mariano (Author)
Format: Book
Language:Spanish
Published: Santiago Imprenta Católica de Manuel Infante 1889
Edition:1a. ed
Subjects:
Tags: Add Tag
No Tags, Be the first to tag this record!

MARC

LEADER 00000nam a2200000 a 4500
001 UCJ6204
003 CL-VaPUC
008 070124e18890000CL |||||||||||||||||spa|d
082 0 4 |a 282  |b CAS  |2 21 
100 0 |a Casanova, Mariano  |e author  |9 393477 
245 1 0 |a Edicto del señor vicario general del arzobispado de Santiago de Chile y carta encíclica de nuestro santísimopPadre León XIII sobre el patrocinio de San José 
250 |a 1a. ed 
300 |a 15 p 
942 |c BK 
945 |d 20070124 00:00:00  |a rinostro 
260 |a Santiago  |b Imprenta Católica de Manuel Infante  |c 1889 
500 |a Escudo de León XIII. Empastado con otros escritos en un volumen rotulado Casanova-Pastorales; ubicado en 282 CAS 
600 0 7 |a MONTES, JORGE  |2 CL-VaPUC  |9 512594 
600 0 7 |a SAN JOSE  |2 CL-VaPUC  |9 399578 
650 7 |a DEVOCIONES  |2 CL-VaPUC  |9 504541 
650 0 |a Encíclicas papales  |9 314532 
650 7 |a ORACIONES  |2 CL-VaPUC  |9 319212 
583 |a last modification  |c 20070124 00:00:00  |k Rodrigo Vera 
999 |c 322312  |d 322310 
952 |0 0  |1 0  |4 0  |6 282_000000000000000_CAS_1889  |7 0  |8 X  |9 401278  |a FDOBUD  |b FDOBUD  |d 2019-11-22  |i 1045164  |o 282 CAS 1889  |p 1045164  |r 2019-11-22  |w 2019-11-22  |y BK_X  |k BUD